|
|
|
|
| LEADER |
00000nab a2200000 a 4500 |
| 001 |
vtls000483483 |
| 003 |
SK-MaSNL |
| 005 |
20260305000817.0 |
| 008 |
160204c1992 xo 0 slo |
| 015 |
|
|
|a SNBRA19rr/mm-uuuuu
|
| 035 |
|
|
|a CL0483618
|
| 040 |
|
|
|a SNKBUCL
|b slo
|c SNKBUCL
|e AACR2
|
| 041 |
0 |
|
|a slo
|
| 044 |
|
|
|a xo
|c SK
|
| 080 |
|
|
|a 621.785.53:621.793:669.781:669.058
|2 1981
|
| 080 |
|
|
|a 621.793
|2 1981
|
| 080 |
|
|
|a 669.781
|2 1981
|
| 080 |
|
|
|a 669.058
|2 1981
|
| 100 |
1 |
|
|a Sečkár, Pavol
|4 aut
|9 369752
|
| 245 |
1 |
0 |
|a Boridovanie materiálov pluhových lemešov v prášku
|c Pavol Sečkár
|
| 300 |
|
|
|b Tab. 1, lit. 5 zázn. v nem., ruš., slov.
|
| 650 |
0 |
7 |
|a oceľ 12 050
|2 snkbucl
|9 963159
|
| 650 |
0 |
7 |
|a lemeše pluhové
|2 snkbucl
|9 1275035
|
| 650 |
0 |
7 |
|a boridovanie
|2 snkbucl
|9 26471
|
| 655 |
|
7 |
|a články zo zborníkov
|2 snkbucl
|9 166140
|
| 773 |
0 |
|
|t Štrnáste celoštátne dni tepelného spracovania
|d Bratislava : Dom techniky ZSVTS, 1992
|g S. 39-41
|z 8023302620
|
| 850 |
|
|
|a Slovenská národná knižnica v Martine
|a MTA001
|
| 852 |
|
|
|a SNK
|b KIS3GCP
|
| 958 |
|
|
|a NB
|
| 958 |
|
|
|a RK
|
| 992 |
|
|
|a RZB
|
| 999 |
|
|
|c 3215713
|d 3217643
|